| 000 | 00671nam a2200229Ia 4500 | ||
|---|---|---|---|
| 003 | OSt | ||
| 005 | 20230503105247.0 | ||
| 008 | 210423s2020 xx 000 0 und d | ||
| 020 | _a978-93-83866-48-9 | ||
| 040 | _cAL | ||
| 041 | _aeng | ||
| 082 |
_a657.46 _223 _bMEHI |
||
| 100 |
_aMEHROTRA (H C);GOYAL (S P) _996654 |
||
| 245 | _aIncome tax: including tax planning and management 2020-2021 Ed 41 | ||
| 250 | _a41 | ||
| 260 |
_aAgra _bSahitya Bhawan Publications _c2020 |
||
| 300 |
_aii,1057 _bPB |
||
| 365 |
_b800 _cINR |
||
| 650 |
_aIncome Tax _996655 |
||
| 906 | _a2020-2021 ; Ed41 ; including ; Income ; management ; planning ; tax ; tax: | ||
| 942 |
_2ddc _cBK |
||
| 999 |
_c170739 _d170739 |
||